| 000 | 00590nam a2200193Ia 4500 | ||
|---|---|---|---|
| 005 | 20260415160319.0 | ||
| 008 | 008 250505s9999 xx 000 0 eng d | ||
| 037 | _aTextual | ||
| 040 |
_aFEDL _beng _cFEDL |
||
| 041 |
_aeng _2eng |
||
| 084 |
_a028.5 LIN _qFEDL |
||
| 100 |
_aLines Kathleen M _9755603 |
||
| 245 | 0 | _aFour to fourteen: A library of books for children | |
| 260 |
_aCambridge _bCambridge University Press _c1950 |
||
| 300 | _a204p. | ||
| 650 |
_aReading-Information Media _9755604 |
||
| 942 |
_cTEXL _h028.5 LIN |
||
| 999 |
_c1321574 _d1321574 |
||